书目信息 |
| 题名: |
鸳鸯响金镖
|
|
| 作者: | 范克平 , 范冠华 译著 | |
| 分册: | ||
| 出版信息: | 呼和浩特 内蒙古人民出版社 2008 |
|
| 页数: | 344页 | |
| 开本: | 19cm | |
| 丛书名: | ||
| 单 册: | ||
| 中图分类: | G852.28 | |
| 科图分类: | ||
| 主题词: | 器械术(武术)--中国 , 器械术(武术) | |
| 电子资源: | ||
| ISBN: | 978-7-204-01044-8 | |
| 000 | 00778nam0 2200265 45 | |
| 001 | 1130690249 | |
| 005 | 20110310095328.50 | |
| 010 | @a978-7-204-01044-8@dCNY28.00 | |
| 100 | @a20110123d2008 ekmy0chiy0120 ea | |
| 101 | 0 | @achi |
| 102 | @aCN@b150000 | |
| 105 | @ay z 000yy | |
| 106 | @ar | |
| 200 | 1 | @a鸳鸯响金镖@AYuan Yang Xiang Jin Biao@f范克平,范冠华译著@FFan Ke Ping, Fan Guan Hua Yi Zhu |
| 205 | @a2版 | |
| 210 | @a呼和浩特@c内蒙古人民出版社@d2008 | |
| 215 | @a344页@d19cm | |
| 300 | @a功家秘法宝藏.卷5,拳法兵器 | |
| 606 | 0 | @a器械术(武术)@y中国 |
| 606 | 0 | @a器械术(武术) |
| 690 | @aG852.28@v4 | |
| 701 | 0 | @a范克平@AFan Ke Ping@4译著 |
| 701 | 0 | @a范冠华@AFan Guan Hua@4译著 |
| 801 | 0 | @aCN@bTANGWEI@c20110310 |
| 905 | @b0531313-16@dG852.28@e218=2@f4 | |
| 鸳鸯响金镖/范克平,范冠华译著.-2版.-呼和浩特:内蒙古人民出版社,2008 |
| 344页;19cm |
| 功家秘法宝藏.卷5,拳法兵器 |
| ISBN 978-7-204-01044-8:CNY28.00 |
| ● |
| 相关链接 |
|
|
|
|
正题名:鸳鸯响金镖
索取号:G852.28/218=2
 
预约/预借
| 序号 | 登录号 | 条形码 | 馆藏地/架位号 | 状态 | 备注 |
| 1 | 0531313 | 205313132 | 第一样本阅览室/ [索取号:G852.28/218=2] | 在馆 | |
| 2 | 0531314 | 205313141 | 第四借阅区/ [索取号:G852.28/218=2] | 在馆 | |
| 3 | 0531315 | 205313150 | 密集书库-体育系/ [索取号:G852.28/218=2] | 在馆 | |
| 4 | 0531316 | 205313169 | 第四借阅区/ [索取号:G852.28/218=2] | 在馆 |